Random Capitals of the world #1 - Statistics

General Stats
  • This quiz has been taken 400 times
  • The average score is 11 of 15
Answer Stats
Country Answer % Correct
Pakistan Islamabad
93%
Denmark Copenhagen
91%
Argentina Buenos Aires
88%
Venezuela Caracas
84%
Philippines Manila
83%
Somalia Mogadishu
80%
Cyprus Nicosia
78%
Libya Tripoli
77%
Montenegro Podgorica
74%
Fiji Suva
64%
Angola Luanda
63%
Rwanda Kigali
58%
Tuvalu Funafuti
54%
St Kitts and Nevis Basseterre
51%
Mongolia Ulan Bator
31%
No matching quizzes found
Score Distribution
Percent of People with Each Score
Percentile by Number Answered
Your Score History
You have not taken this quiz